banner-ar

الارشاد المدرسى للاطفال و المراهقين : (Record no. 63534)

MARC details
000 -الفاتح
حقل البيانات ثابتة الطول 01128nam a22002537a 4500
005 - وقت وتاريخ اخر تعامل مع التسجيلة
رقم الضبط 20240530110646.0
008 - عناصر البيانات ثابتة الطول - معلومات عامة
حقل البيانات ثابتة الطول 171114s2016 jo a g b 000 0 ara d
017 ## - رقم الايداع القانونى
رقم الايداع القانونى 2015/9/4299
المصدر ( الهيئة المختصة) المملكة الاردنية الهاشمية . دائرة المكتبة الوطنية
020 ## - الرقم الدولى المعيارى للكتب
الرقم الدولى المعيارى للكتاب 9789957176990
040 ## - مصدر الفهرسة
وكالة الفهرسة الأصلية EG-CaGPL
وكالة النسخ EG-CaGPL
082 04 - رقم تصنيف ديوى العشرى
رقم الطبعة 21
رقم التصنيف 371.4\
رقم المادة ب إ
100 0# - المدخل الرئيسى - إسم شخصى
الإسم الشخصى باسم محمد الدحادحة
245 12 - بيان العنوان
العنوان الارشاد المدرسى للاطفال و المراهقين :
بقية العنوان دليل الاباء و المعلمين و المرشدين النفسيين /
بيان المسئوليه,etc باسم محمد الدحادحة .
250 ## - بيان الطبعة
بيان الطبعة ط.1
260 ## - PUBLICATION, DISTRIBUTION, ETC. (IMPRINT)
تاريخ النشر أو التوزيع 2016 .
300 ## - الوصف المادى
التعداد 347 ص. ؛
أبعاد الوعاء 24 سم.
504 ## - تبصرة ببليوجرافية
تبصرة ببليوجرافية,الخ يشتمل على ارجاعات ببليوجرافية
650 07 - المدخل الاضافى بالموضوع-مصطلح موضوعى
مصدر الرأس أو المصطلح qrmak
مصطلح موضوعي التوجيه التربوى
650 07 - المدخل الاضافى بالموضوع-مصطلح موضوعى
مصدر الرأس أو المصطلح qrmak
مصطلح موضوعي القدرات الشخصية
650 07 - المدخل الاضافى بالموضوع-مصطلح موضوعى
مصدر الرأس أو المصطلح qrmak
مصطلح موضوعي الطلبة الموهوبون
650 07 - المدخل الاضافى بالموضوع-مصطلح موضوعى
مصدر الرأس أو المصطلح qrmak
مصطلح موضوعي الطلبة
التقسيم الفرعي العام ارشاد
942 ## - عناصر المدخل الإضافي( كوها)
مصدر التصنيف او مخطط الترفيف Dewey Decimal Classification
Koha [default] item type كتاب
260 ## - PUBLICATION, DISTRIBUTION, ETC. (IMPRINT)
-- عمان :
-- مكتبة الفلاح للنشر و التوزيع ،
Holdings
حالة التراجع حالة الفقد حالة تلف ليس للاعارة المكان المؤقت الموقع الحالى موقع الترفيف تاريخ الاكتساب اجمالي اﻻعارات رقم الطلب الباركود تاريخ اخر مشاهدة تاريخ تفعيل السعر نوع وعاء كوها
        مكتبة القاهرة الكبرى مكتبة القاهرة الكبرى القاعة الرئيسية 11/14/2017   371.4\ ب إ 163626 11/14/2017 11/14/2017 كتاب

Powered By

EGPV